000 01069nam a2200277Ia 4500
003 Ost
005 20260507074946.0
008 260507s9999||||xx |||||||||||||| ||und||
020 _a789957243982
040 _cfsecg
041 _aara
082 _a657.45
100 _aجمعة، احمد حلمي
_eمؤلف
245 0 _aتطور معايير التدقيق و التأكيد الدولية و قواعد اخلاقيات المهنة /
_c احمد حلمي جمعة
260 _aعمان:
_bدار صفاء للنشر,
_c2009
300 _a200 صفحة؛
_c24 سم
490 _aسلسلة الكتب المهنية
504 _aسلسلة الكتب المهنية
520 _aالتقديرات المحاسبية -قياسات و افصاحات القيمة العادلة -الادوات المالية المشتقة
653 _aاخلاقيات المهنة
653 _aالمحاسبة
653 _aالمحاسبة المالية
653 _aالمحاسبون
653 _aتدقيق الحسابات
942 _cكتاب
999 _c41965
_d41965